Návštevnícke centrum Spišský hrad

Enregistré dans:
Détails bibliographiques
Auteur principal: Husár, Dávid (Auteur)
Autres auteurs: Nádaská, Zuzana (Directeur de thèse)
Format: Manuscrit Livre
Langue:slovaque
Publié: 2020
Sujets:
Accès en ligne:http://is.stuba.sk/zp/portal_zp.pl?podrobnosti=124974
https://opac.crzp.sk/?fn=detailBiblioForm&sid=F8FE310152E9D1F1E1174241F7FB
Tags: Ajouter un tag
Pas de tags, Soyez le premier à ajouter un tag!

MARC

LEADER 00000ntm a22000003a 4500
001 stuzp72531
003 SK-STU
005 20230531103923.1
007 ta
008 150427s2015----xo-----f-mn---000-0-slo-d
040 |a STU  |b slo 
041 0 |a slo 
100 1 |a Husár, Dávid  |u 010310  |4 aut  |U SvF Stavebná fakulta  |T SvF Katedra architektúry  |X 81259  |U V181|V310  |Y 19  |7 81259 
242 0 1 |a Visitor center Spišský hrad  |y eng 
245 1 0 |a Návštevnícke centrum Spišský hrad 
260 |c 2020 
650 4 |a návštevnícke centrum  |2 slo 
650 4 |a Spišský hrad  |2 slo 
650 4 |a kafetéria  |2 slo 
650 4 |a visitor centre  |2 eng 
650 4 |a Spiš castle  |2 eng 
650 4 |a coffeehouse  |2 eng 
700 1 |a Nádaská, Zuzana  |u 010310  |k Z1  |4 ths  |U SvF Stavebná fakulta  |T SvF Katedra architektúry  |X 790  |U V181|V310  |Y 19  |7 A000000790 
856 4 |u http://is.stuba.sk/zp/portal_zp.pl?podrobnosti=124974 
856 4 |u https://opac.crzp.sk/?fn=detailBiblioForm&sid=F8FE310152E9D1F1E1174241F7FB